50 Nomes mais populares do Brasil começando com D - Statistics

Estatísticas Gerais
  • Esse quiz foi jogado 424 vezes
  • A pontuação média é 23 de 50
Estatísticas das Respostas
# NOMES FREQUÊNCIA % Correto
1 Daniel 711.338
94%
4 Daniela 304.310
89%
2 Diego 424.428
83%
18 Denis 76.362
81%
12 Diogo 156.119
78%
6 Davi 255.976
76%
19 Diana 74.947
73%
7 Daniele 253.521
69%
11 Denise 169.315
69%
10 David/Deivid 213.938
67%
5 Douglas 266.507
66%
9 Danilo 233.329
64%
3 Débora 313.947
63%
20 Daiana 73.385
59%
8 Daiane 244.829
59%
37 Dalila 27.650
58%
34 Dário 31.033
49%
27 Dilma 40.632
49%
17 Deise/Dayse 77.908
48%
32 Dulce 32.234
48%
22 Dirce 57.048
47%
14 Dalva 83.815
44%
28 Diva 39.554
43%
47 Diná 17.449
42%
31 Doralice 33.216
42%
16 Denílson 74.473
41%
48 Durval 17.315
41%
15 Damião 79.321
40%
36 Dorival 30.006
40%
21 Darci 63.320
38%
25 Dirceu 42.552
35%
42 Dionísio 19.442
33%
49 Décio 16.988
32%
46 Dílson 18.462
31%
13 Domingos 125.581
31%
41 Dolores 20.448
30%
40 Darlene 20.563
29%
35 Dione 30.390
29%
50 Delma 16.202
28%
26 Divina 41.184
28%
38 Darlan 25.422
27%
23 Damiana 48.464
26%
33 Djalma 31.820
26%
43 Dulcinéia 19.116
25%
24 Divino 42.843
23%
45 Dimas 18.742
22%
29 Donizete 38.833
21%
30 Domingas 36.928
19%
44 Dejanira 19.011
13%
39 Doraci 22.112
8%
Nenhum quiz correspondente encontrado
Distribuição das Pontuações
Porcentagem de Pessoas com Cada Pontuação
Percentil de Números Respondidos
Sua Pontuação Histórica
Você não jogou esse quiz